Największe Państwa na Świecie - Statystyki

Ogólne statystyki
  • Ten quiz został rozwiązany 1 295 razy
  • Średni wynik to 15 z 20
Statystyki odpowiedzi
Miejsce Państwo % Poprawnych
1 Rosja
100%
3 Chiny
98%
4 Stany Zjednoczone
98%
2 Kanada
97%
5 Brazylia
94%
8 Argentyna
88%
7 Indie
87%
6 Australia
86%
9 Kazachstan
81%
13 Meksyk
80%
10 Algieria
69%
12 Arabia Saudyjska
69%
18 Mongolia
69%
14 Indonezja
62%
17 Iran
61%
11 Demokratyczna Republika Konga
53%
15 Sudan
50%
16 Libia
47%
19 Peru
47%
20 Czad
40%
Nie znaleziono quizów pasujących do podanych kryteriów
Rozkład punktacji
Procent ludzi z każdym wynikiem
Percentyl według liczby udzielonych odpowiedzi
Twoja historia wyników
Nie rozwiązałeś tego quizu